00442 2200169 4500001002100000008004100021035002000062245003700082260004400119300002600163020001800189084001200207082000800219650002100227990001200248990001200260INLIS000000000015992 Ind  a0010-0423000009 aLift the Flap QuestionbVehicles aJakarta :bElex Media Komputindo,c2019 a12 hal.: ilus.c15 cm a9786230011672 a372 LIF a372 aPENDIDIKAN DASAR a11003 a a11003 b